Obálka Náhled e-knihy:
PDF Epub
Pro půjčování e-knih musíte být přihlášeni.
Jak si půjčit online?

Ešte nie som mŕtva /

O sedem dní bude Jet Masonová mŕtva. Jet má dvadsaťsedem rokov a jej rodina patrí k najbohatším v meste. V živote už začala robiť kopu vecí, no nikdy nič nedotiahla do konca. Počas halloweenskej noci ju brutálne napadne neznámy útočník a Jet utrpí vážne poranenie hlavy. Lekári jej dávajú už len týžd...

Celý popis

Uloženo v:
Hlavní autor: Jackson, Holly (Autor)
Médium: E-kniha
Jazyk:Czech
Vydáno: Praha : Albatros Media Slovakia s.r.o., 2025
Tagy:
Žádné tagy
LEADER 01522nam a22002297i 4500
001 302714
007 ta
008 260514s2025 xr ||||| |||| 00| 0 cze d
020 |a 9788056648773 
044 |a xr 
100 1 |a  Jackson, Holly  |4 aut 
245 1 0 |a Ešte nie som mŕtva /  |c  Jackson, Holly 
240 1 0 |a Not Quite Dead Yet 
264 1 |a Praha :  |b Albatros Media Slovakia s.r.o.,  |c 2025 
300 |a 1 online zdroj (400 stran) 
336 |a text  |b txt  |2 rdacontent 
337 |a bez média  |b n  |2 rdamedia 
338 |a online zdroj  |b cr  |2 rdacarrier 
520 2 |a O sedem dní bude Jet Masonová mŕtva. Jet má dvadsaťsedem rokov a jej rodina patrí k najbohatším v meste. V živote už začala robiť kopu vecí, no nikdy nič nedotiahla do konca. Počas halloweenskej noci ju brutálne napadne neznámy útočník a Jet utrpí vážne poranenie hlavy. Lekári jej dávajú už len týždeň života. Ako sa jej stav zhoršuje, po boku jej neochvejne stojí už len kamarát z detstva Billy. No Jet má jasno v jednom: Tentoraz niečo naozaj dokončí. Tentoraz vyrieši vlastnú vraždu. 
910 |a RBIT002 
998 |d 426971  |a https://core.palmknihy.cz/api/books/426971/cover?tesgi7  |b https://core.palmknihy.cz/api/books/426971/cover/400?tesgi7  |c https://core.palmknihy.cz/api/books/426971/cover/50?tesgi7  |e 2030-09-26  |g 400  |i 9788056648773  |j https://core.palmknihy.cz/api/books/426971/preview.epub  |k https://core.palmknihy.cz/api/books/426971/preview.pdf  |l   |q 49  |r 1  |s https://www.palmknihy.cz/kniha/426971  |t ebook  |y 2025  |z 1 
999 |d 302712